| 000 | 00357nam a2200145Ia 4500 | ||
|---|---|---|---|
| 008 | 230917s9999||||xx |||||||||||||| ||und|| | ||
| 040 |
_e72277 _aMAIN |
||
| 041 | _aEnglish | ||
| 082 | _a657.48 M278P | ||
| 100 | _aMaheshwari, S N | ||
| 245 | 0 | _aFinancial accounting | |
| 260 |
_aNew Delhi _bVikas Publishing House _c1995 |
||
| 300 | _axvii p. | ||
| 942 | _cBK | ||
| 999 |
_c67132 _d67132 |
||